1881 1722 1729 1243 1086 1670 1138 1922 1094 1742 1474 1004 1838 1487 1535 1653 1868 1168 1029 1404 1958 1815 1687 1649 1946 1623 1113 1700 1596 1435 1758 1546 1462 1222 1126 1607 1700 1180 1156 1169 1219 1523 1419 1285 1408 1145 1808 1791 1406 1761 1639 1617 1789 1725 1625 1047 1686 1178 1792 1118 1183 1366 1956 1261 1169 1895 1390 1146 1307 1123 1765 1778 1741 1554 1419 1734 1938 1593 1257 1255 1877 1234 1661 1444 1252 1901 1739 1467 1635 1012 1695 1656 1847 1526 1103 1530 1931 1245 1144 BCNSPRNW ULIB Ver.6.0+V

เปลี่ยนเป็นภาษาไทย

Change to English
 แสดงรายละเอียดบรรณานุกรม
  กลับหน้าหลัก

Brief Record : Get Marc (ISO 2709) : E-mail record : QR code < ปิดหน้าต่าง
LEADER : 00000nam 2200000uu 4500
001    13399110427
003     ULIB
008    110527s2553||||th 000 0 tha d
020    9744141477
020    9789744141477
050  4 KPT504^bป188ก 2553
100 0  ประกายศรี ศรีรุ่งเรือง
245 10 กฎหมายแพ่งและพาณิชย์ว่านิติกรรม สัญญา ตัวแทน นายหน้า ครอบครัวและมรดก ^b(ฉบับปรับปรุง)/^cโดย ประกายศรี ศรีรุ่งเรือง
260    กรุงเทพฯ :^bนิติบรรณการ,^c2553
300    233 หน้า ;^c27 ซม.
650  7 กฎหมายพาณิชย์
650  7 กฎหมายแพ่ง
650  7 กฎหมายแพ่งและพาณิชย์^xนิติกรรม
650  7 กฎหมายแพ่งและพาณิชย์^xสัญญา
650  7 สัญญา^zไทย
945    ^p245^l0^i18185
995    เกษร
999    ^aใช้งานได้ทุกระบบ
รายการนี้ยังไม่มีแท็ก
คุณยังไม่ได้ล็อกอิน คุณสามารถมีกิจกรรมร่วมกับเว็บไซต์ได้ แต่ต้องล็อกอินก่อน ::
  ล็อกอิน

รายการสื่อสารสนเทศ

ลำดับที่ ประเภท เลขเรียก/บาร์โค้ด สถานที่ สถานะ
1. วิทยาศาสตร์การแพทย์ และสุขภาพ
วิทยาศาสตร์การแพทย์ และสุขภาพ
KPT504 ป188ก 2553  
  Barcode: 18185
ห้องสมุดวิทยาเขตสวรรค์ประชารักษ์
►นวนิยาย
บนชั้น
  ขอยืม

รายการใกล้เคียง
    หัวเรื่อง [กฎหมายพาณิชย์]
    หัวเรื่อง [กฎหมายแพ่ง]

BibComment


ยังไม่เคยถูกคอมเมนท์

คอมเมนท์ทรัพยากรรายการนี้
  คอมเมนท์: กฎหมายแพ่งและพาณิ..


 Copyright 2026. Bcnsprnw @Library